Premio de Poesía Pedro Mir. (Registro nro. 13563)

Detalles MARC
000 -LEADER
fixed length control field 01131nam a2200301 a 4500
001 - CONTROL NUMBER
control field 000043537
003 - CONTROL NUMBER IDENTIFIER
control field DO-SdBNP
005 - DATE AND TIME OF LATEST TRANSACTION
control field 20210608090744.0
008 - FIXED-LENGTH DATA ELEMENTS--GENERAL INFORMATION
fixed length control field 140324s2009 dr r 000 j spa d
020 ## - INTERNATIONAL STANDARD BOOK NUMBER
International Standard Book Number 9789945412345
040 ## - CATALOGING SOURCE
Original cataloging agency BPMSU
Language of cataloging spa
Transcribing agency BPMSU
082 ## - DEWEY DECIMAL CLASSIFICATION NUMBER
Classification number RD861.08
Item number P925p, 2008
Edition number 22
111 2# - MAIN ENTRY--MEETING NAME
Meeting name or jurisdiction name as entry element Premios Funglode Poesía
Date of meeting (2008 :
Location of meeting Santo Domingo)
245 10 - TITLE STATEMENT
Title Premio de Poesía Pedro Mir.
260 ## - PUBLICATION, DISTRIBUTION, ETC. (IMPRINT)
Place of publication, distribution, etc. Santo Domingo :
Name of publisher, distributor, etc. FUNGLODE,
Date of publication, distribution, etc. 2009
300 ## - PHYSICAL DESCRIPTION
Extent 351 p. ;
Dimensions 26 cm.
490 0# - SERIES STATEMENT
Series statement Premios Funglode/GFDD 2008
505 0# - FORMATTED CONTENTS NOTE
Formatted contents note Premio único : Bismar Galán -- Premera mención César Sánchez Beras -- Segunda mención Daniel Baruc Espinal Rivera -- tercera mención Daniela Cruz -- Cuarta mención Danilo A. Rodríguez -- Quinta mención Alejandro González.
Statement of responsibility
590 ## - LOCAL NOTE (RLIN)
Local note Inventariado, 2021/VM
650 #4 - SUBJECT ADDED ENTRY--TOPICAL TERM
Topical term or geographic name as entry element Poesía dominicana
650 #0 - SUBJECT ADDED ENTRY--TOPICAL TERM
Topical term or geographic name as entry element Literatura dominicana.
650 #4 - SUBJECT ADDED ENTRY--TOPICAL TERM
Topical term or geographic name as entry element Premios literarios
650 #4 - SUBJECT ADDED ENTRY--TOPICAL TERM
Topical term or geographic name as entry element Certámenes literarios
700 12 - ADDED ENTRY--PERSONAL NAME
Personal name Tejada, Eloy Alberto
710 2# - ADDED ENTRY--CORPORATE NAME
Corporate name or jurisdiction name as entry element Fundación Global Democracía y Desarrollo (República Dominicana)
910 ## - USER-OPTION DATA (OCLC)
User-option data VMateo
942 ## - ADDED ENTRY ELEMENTS (KOHA)
Source of classification or shelving scheme Dewey Decimal Classification
Koha item type Libros
Existencias
Withdrawn status Lost status Source of classification or shelving scheme Damaged status Not for loan Collection code Home library Current library Date acquired Source of acquisition Full call number Barcode Date last seen Price effective from Koha item type
    Dewey Decimal Classification     Colección Dominicana Biblioteca Pública Metropolitana Salomé Ureña Biblioteca Pública Metropolitana Salomé Ureña 06/08/2021 FUNGLODE BPMSU CD RD861.08 P925p, 2008 BPMSU21060028 06/08/2021 06/08/2021 Libros